| 000 | 00983nam a2200229Ia 4500 | ||
|---|---|---|---|
| 999 |
_c35356 _d35356 |
||
| 001 | 1209 | ||
| 003 | GE_BSU | ||
| 005 | 20250501172747.0 | ||
| 008 | 181216s1965||||ge |||||||||||||| ||geo|| | ||
| 040 | _cGE_BSU | ||
| 041 | _ageo | ||
| 080 | _a631.4(479.22):55(47 9.22) ს-323 | ||
| 100 |
_aსაბაშვილი, მ. _91120 |
||
| 245 |
_aსაქართველოს სსრ ნიადაგები : _b [მონოგრაფია] / _cმ.საბაშვილი; საქ. სსრ მეცნ. აკად. |
||
| 264 |
_aთბილისი : _bმეცნიერება, _c1965. |
||
| 300 |
_a553 გვ. : _bილ. და ცხრილ.; 5 ფ. რუკ. ; _c25 სმ. |
||
| 504 | _aბიბლიოგრ.: გვ. 536-549. | ||
| 541 | _h20 ლ. | ||
| 653 | _aსაქართველოს სსრ ნიადაგები | ||
| 653 | _aსაქართველოს ნიადაგები | ||
| 942 |
_cBK _2udc |
||